| 000 | 00496nam a2200181Ia 4500 | ||
|---|---|---|---|
| 005 | 20250508163341.0 | ||
| 008 | 008 250505s9999 xx 000 0 eng d | ||
| 037 | _aTextual | ||
| 040 |
_aFEDL _beng _cFEDL |
||
| 041 |
_aeng _2eng |
||
| 084 |
_a320.531, MAR _qFEDL |
||
| 100 | _aMarcuse Herbert | ||
| 245 | 0 | _aReason and revolution : Hegel and the rise of social theory | |
| 260 | _c1964 | ||
| 300 | _axvi,431p. | ||
| 942 |
_cTEXL _h320.531, MAR |
||
| 999 |
_c1382495 _d1382495 |
||